000 00464nam a2200169 i 4500
001 44414
003 ES-MaACL
005 20230906161026.0
007 t|
008 030321s1972 sp ||||1| spa d
245 0 0 _aCódigo de la circulación.
250 _aEd. puesta al día.
260 _aLeón :
_bEverest,
_c[1972]
300 _a174 p. :
_b3 lám. ;
_c22 cm.
650 4 _aTráfico-
_vLegislación-
_zEspaña.
_9168806
852 _aES-MaACL
_jC-51930
_bR.85646
999 _c44414
_d44414